Wordoku #2 - Sudoku des Lettres (Niveau Facile) - Statistiques

Statistiques générales
  • Ce quiz a été pris 401 fois
  • Le résultat moyen est 35 sur 44
Statistiques - réponses
Réponses % Correct
D
90%
D
87%
B
86%
D
86%
E
86%
E
86%
I
86%
I
85%
I
85%
O
85%
B
84%
G
84%
M
84%
R
84%
U
84%
E
83%
M
83%
M
83%
O
83%
I
82%
U
82%
B
81%
D
81%
O
81%
B
80%
D
80%
I
80%
O
80%
G
78%
B
77%
G
77%
R
77%
G
76%
O
76%
U
76%
G
75%
M
75%
O
75%
B
74%
M
74%
R
74%
G
73%
U
73%
R
71%
Aucun quiz correspondant
Distribution des résultats
% des personnes avec chaque résultat
Percentile par nombre de réponses
Votre historique - résultats
Vous n’avez pas pris ce quiz